000 00723nam a2200229 a 4500
001 71203
003 BD-RjUL
005 20211209082104.0
008 170429s1961 njubd b 001 0 eng d
035 _a(BD-RjUL)71418
040 _aDLC
_cDLC
_dDLC
_dBD-RjUL
_beng
041 _aeng
082 0 0 _a551.6
_223
_bCRG 1961
100 1 _aCritchfield, Howard J.
_9250
245 1 0 _aGeneral climatology /
_cHoward J. Critchfield.
260 _aEnglewood Cliffs, N.J. :
_bPrentice-Hall,
_bPrentice-Hall India, New Delhi
_cc1960 [Printing 1961].
300 _axiii, 465 p. :
_bill. ;
_c25 cm.
504 _aIncludes bibliographies & Index.
650 0 _aClimatology and weather
_9251
942 _2ddc
_cBK
999 _c71203
_d71203